| 000 | 00336nam a22001337a 4500 | ||
|---|---|---|---|
| 008 | 170331b xxu||||| |||| 00| 0 eng d | ||
| 020 | _a9387 | ||
| 041 | _aeng | ||
| 080 | _a616-053.2 | ||
| 100 | _a8 | ||
| 101 | _aSHM | ||
| 245 |
_aDIRECTIVE TEACHING OF CHILDREN WITH LEARNING AND BEHAVIORAL HANDCAPS _cSTEPHENS, TH,M |
||
| 942 |
_2udc _cBK |
||
| 999 |
_c9178 _d9178 |
||